00458 a2200157 4500020001500000050001900015100004100034245005600075264004000131300002300171500002700194504003200221650001500253650002100268651001100289 a041628120600aHC502 SEI 19691 aSeidman, Ann Willcox,d1926-eauthor13aAn economics textbook for Africa.cby Ann Seidman aBungay :bMehuen and co ltd,c1969. axv, 327 p.billus. aincludes bibliography: aBibliography: p. [313]-318. 0aEconomics. 0aEconomic policy. 0aAfrica